<?xml version="1.0" encoding="UTF-8"?><?xml-stylesheet type="text/xsl" href="static/style.xsl"?><OAI-PMH xmlns="http://www.openarchives.org/OAI/2.0/" xmlns:xsi="http://www.w3.org/2001/XMLSchema-instance" xsi:schemaLocation="http://www.openarchives.org/OAI/2.0/ http://www.openarchives.org/OAI/2.0/OAI-PMH.xsd"><responseDate>2026-06-01T14:09:08Z</responseDate><request verb="GetRecord" identifier="oai:riuma.uma.es:10630/30825" metadataPrefix="marc">https://riuma.uma.es/rest/oai/request</request><GetRecord><record><header><identifier>oai:riuma.uma.es:10630/30825</identifier><datestamp>2026-02-03T11:08:11Z</datestamp><setSpec>com_10630_2254</setSpec><setSpec>col_10630_37953</setSpec></header><metadata><record xmlns="http://www.loc.gov/MARC21/slim" xmlns:dcterms="http://purl.org/dc/terms/" xmlns:doc="http://www.lyncode.com/xoai" xmlns:xsi="http://www.w3.org/2001/XMLSchema-instance" xsi:schemaLocation="http://www.loc.gov/MARC21/slim http://www.loc.gov/standards/marcxml/schema/MARC21slim.xsd">
   <leader>00925njm 22002777a 4500</leader>
   <datafield ind2=" " ind1=" " tag="042">
      <subfield code="a">dc</subfield>
   </datafield>
   <datafield ind2=" " ind1=" " tag="720">
      <subfield code="a">Araque-García, Alejandro</subfield>
      <subfield code="e">author</subfield>
   </datafield>
   <datafield ind2=" " ind1=" " tag="260">
      <subfield code="c">2022-02</subfield>
   </datafield>
   <datafield ind2=" " ind1=" " tag="520">
      <subfield code="a">Cuando hablamos de Internet, surgen miles de posibilidades, pero también otras tantas amenazas. ¿Cuáles son las herramientas para protegernos? La ley, la jurisprudencia y la doctrina han configurado el derecho a la protección de datos personales como una autodeterminación informativa, pretendiendo culminarla con el llamado olvido digital, una figura cualitativamente muy restringida, que nos hace plantearnos hasta qué punto es factible hablar estrictamente de ese olvido y no de otros derechos.</subfield>
   </datafield>
   <datafield ind1="8" ind2=" " tag="024">
      <subfield code="a">Araque García, A. (2022). La autonomía de la voluntad en la protección de datos y el olvido digital: pieza central, pero, ¿suficiente? Actualidad Jurídica Iberoamericana, 16, 100–123.</subfield>
   </datafield>
   <datafield ind1="8" ind2=" " tag="024">
      <subfield code="a">https://hdl.handle.net/10630/30825</subfield>
   </datafield>
   <datafield tag="653" ind2=" " ind1=" ">
      <subfield code="a">Datos - Protección - Derecho</subfield>
   </datafield>
   <datafield ind2="0" ind1="0" tag="245">
      <subfield code="a">La autonomía de la voluntad en la protección de datos y el olvido digital: pieza central, pero, ¿suficiente?</subfield>
   </datafield>
</record>
</metadata></record></GetRecord></OAI-PMH>